000 00838nam a2200241 a 4500
001 BRCA_4598
005 20190320204730.0
008 240910s2010----mx-a######---#000-0#spa-#
020 _a9786077849124
041 _aspa
044 _amx
050 4 _aND1432
_b.R45 2010
245 1 0 _aLos relatos pintados
_bla otra historia, exvotos mexicanos
_cprólogo de Carlos Monsiváis.
260 _aOaxaca, México
_bCentro de Cultura Casa Lamm
_c2010
300 _a261 p.
_bil. (algunas a color)
_c28 cm.
_e1 CD
500 _aIncluye glosarios y catálogo de obra
504 _aBibliografía: p. 233-246
650 1 4 _aExvotos mexicanos
_xHistoria
_zMéxico
_911640
650 1 4 _aPintura religiosa
_xHistoria
_zMéxico
_911641
700 1 _aMonsiváis, Carlos
_eProloguista
_911642
710 2 _aCentro de Cultura Casa Lamm
_911643
942 _2lcc
_cB
999 _c4303
_d4303